Informed Consent in der Medizin : Begründung, Voraussetzungen, Kontroversen /

Weniges scheint in der Medizinethik (und auch im Medizinrecht) so unstrittig wie das Prinzip der Informierten Einwilligung. Wie die Einwilligungs-Doktrin im Detail ethisch begründet und entsprechend praktisch ausbuchstabiert werden soll, ist aber umstritten. Das Herausgeberteam verteidigt in diesem...

وصف كامل

محفوظ في:

مؤلفون آخرون: Ach, Johann (المحرر)

التنسيق: كتاب الكتروني

اللغة: English
German

منشور في: Paderborn : Mentis, Brill Deutschland, 2024.

سلاسل: Schöningh, Fink and mentis Religious Studies, Theology and Philosophy E-Books Online, Collection 2024.

الموضوعات:

الوصول للمادة أونلاين: Login to view Source

الوسوم: إضافة وسم

لا توجد وسوم, كن أول من يضع وسما على هذه التسجيلة!

رقم الطلب: PZ7.S588

LEADER 02404nam a22004698i 4500
001 BRILL9783969753149
003 nllekb
005 20240715181719.0
006 m d
007 cr un uuuua
008 240531s2024 gw sb 001 0 eng d
020 |a 9783969753149  |q (electronic book) 
020 |z 9783957433145  |q (print) 
024 7 |a 10.30965/9783969753149  |2 DOI 
035 |z (OCoLC)1432418052 
040 |a NL-LeKB  |c NL-LeKB  |e rda 
041 |a ger 
050 4 |a PZ7.S588 
072 7 |a HPQ  |2 bicssc 
072 7 |a PHI  |x 005000  |2 bisacsh 
082 0 4 |a 100  |2 23 
245 1 0 |a Informed Consent in der Medizin :  |b Begründung, Voraussetzungen, Kontroversen /  |c edited by Johann Ach. 
246 3 |a Begründung, Voraussetzungen, Kontroversen 
264 1 |a Paderborn :  |b Mentis, Brill Deutschland,  |c 2024. 
264 4 |c ©2024 
300 |a 1 online resource (360 pages) :  |b illustrations. 
336 |a text  |b txt  |2 rdacontent 
337 |a computer  |b c  |2 rdamedia 
338 |a online resource  |2 rdacarrier 
490 1 |a Schöningh, Fink and mentis Religious Studies, Theology and Philosophy E-Books Online, Collection 2024 
504 |a Includes bibliographical references and index. 
520 |a Weniges scheint in der Medizinethik (und auch im Medizinrecht) so unstrittig wie das Prinzip der Informierten Einwilligung. Wie die Einwilligungs-Doktrin im Detail ethisch begründet und entsprechend praktisch ausbuchstabiert werden soll, ist aber umstritten. Das Herausgeberteam verteidigt in diesem Buch die These, dass ein adäquates Verständnis des Prinzips der Einwilligung erst dann gelingen kann, wenn man die folgende Frage plausibel beantwortet: Warum ist Autonomie wertvoll? Namhafte Expert:innen aus der Medizinethik und dem Medizinrecht kommentieren und diskutieren diesen Vorschlag. 
546 |a German 
588 |a Description based on print version record. 
650 0 |a Bioethics / Ethics of Medicine. 
650 0 |a Philosophy. 
700 1 |a Ach, Johann,  |e editor. 
776 0 8 |i Print version:  |t Informed Consent in der Medizin : Begründung, Voraussetzungen, Kontroversen.  |d Paderborn : Mentis, Brill Deutschland, 2024.  |z 9783957433145 
830 0 |a Schöningh, Fink and mentis Religious Studies, Theology and Philosophy E-Books Online, Collection 2024. 
856 4 |z DOI:   |u http://dx.doi.org/10.30965/9783969753149 
942 |2 lcc  |c EBOOK 
999 |c 58899  |d 58899